000 00568nam a2200157Ia 4500
008 210716s2017 xx 000 0 und d
020 _a9781787129191
041 _aeng
082 _a621.38212 GURC
100 _aGurturk, Cagatay.
245 _aBuilding serverless architectures: learn the intricacies and nuances of building efficient serverless architectures.
_bLearn the intricacies and nuances of building efficient serverless architectures.
250 _a1
260 _aMumbai
_bPackt Publishing Ltd
_c2017
300 _aiii,227
650 _aComputer Networks
999 _c196541
_d196541